000
00275nam a22001217a 4500
008
170712b xxu||||| |||| 00| 0 eng d
041
_a
eng
080
_a
R 809 MAG
100
_a
26
101
_a
ENC
245
_a
CYCLOPEDIA WORLD AUTHORS
_c
MAGILL.F.N
942
_2
udc
_c
BK
999
_c
20241
_d
20241